<The> Leadership Challenge How to Get Extraordinary Things Done in Organizations

Guardado en:
Detalles Bibliográficos
Autor principal: Kouzes, James M.
Otros Autores: Posner, Barry Z.
Formato: Libro
Lenguaje:inglés
Publicado: San Francisco Jossey-Bass Pub. 1990
Edición:1. ed.
Etiquetas: Agregar Etiqueta
Sin Etiquetas, Sea el primero en etiquetar este registro!

MARC

LEADER 00000nam a2200000 4500
001 c025166
005 20221215114051.4
041 0 |a eng 
044 |a US 
245 1 0 |a <The> Leadership Challenge  |b How to Get Extraordinary Things Done in Organizations  |c James M. Kouzes, Barry Z. Posner 
250 |a 1. ed. 
264 1 |a San Francisco  |b Jossey-Bass Pub.  |c 1990 
300 |a 362 s. 
100 1 |a Kouzes, James M. 
700 1 |a Posner, Barry Z.